Statistics for Guess the Taylor Swift Song (no hints) 9

Click here to take the quiz!

General Stats

  • This quiz has been taken 263 times
  • The average score is 186 of 316

Answer Stats

Answer% Correct
I
100%
a
98%
you
97%
(The
96%
the
96%
an
95%
me
91%
And
90%
and
90%
to
90%
your
90%
it
88%
my
88%
is
87%
on
86%
in
85%
In
85%
love,
85%
be
84%
no
84%
that
82%
this
78%
All
77%
all
77%
know
77%
of
77%
for
75%
I'm
75%
It's
74%
like
73%
one
68%
could
67%
(Just
67%
just
67%
Just
67%
was
67%
ever
66%
not
65%
time
63%
time)
63%
time,
63%
see
61%
I've
60%
with
60%
back
58%
mine
58%
now,
58%
up
58%
want
57%
oh
56%
been
54%
Got
54%
got
54%
heart
53%
'Cause
52%
Or
51%
or
51%
out
50%
every
46%
life
45%
touch
44%
touch,
44%
break
43%
look
43%
electric
42%
first
42%
need
41%
things
41%
feelin'
40%
bring
39%
right)
39%
right
39%
goin'
38%
either
37%
get
37%
won't
36%
it'll
35%
breathe,
34%
okay
34%
forever
33%
heat
33%
relax,
33%
'til
33%
wanna
32%
town
31%
call
30%
hour
30%
two
30%
ghost
29%
Still,
29%
Still
29%
tonight
29%
driveway
28%
left
28%
alone
27%
fill
27%
hangin'
27%
badly
26%
car's
26%
ending
26%
lost
26%
money
26%
tryin'
26%
Maybe
25%
maybe
25%
stars
25%
takes
25%
thinking
25%
fell
24%
hard
24%
history
24%
sadly
24%
align
23%
stories
23%
used
23%
rain
22%
burn
21%
sleepin'
21%
tried
21%
while
21%
callin'
20%
fire
20%
grown
20%
moment's
20%
phone
20%
along
19%
apart
19%
gotten
19%
hoping
19%
trying
19%
eight
18%
space
18%
string
18%
accustomed
17%
five
17%
headlights
17%
decide
16%
pining
15%
(Woah)
15%
mmm
14%

Score Distribution

Percentile by Number Answered

Percent of People with Each Score

Your Score History

You have not taken this quiz